Detalles MARC
| 000 -LIDER |
| fixed length control field |
01120nam a2200337 a 4500 |
| 001 - NÚMERO DE CONTROL |
| Identificador de número de control |
000028711 |
| 003 - IDENTIFICACDOR DE NÚMERO DE CONTROL |
| control field |
000028711 |
| 005 - DATE AND TIME OF LATEST TRANSACTION |
| control field |
20180220091257.0 |
| 007 - CAMPOS FIJOS DE DESCRIPCIÓN FÍSICA |
| fixed length control field |
030 |
| 008 - ELEMENTOS DE LONGITUD FIJA |
| fixed length control field |
110411s 1993 sp a 000 j spa d |
| 020 ## - ISBN |
| International Standard Book Number |
843481613X |
| 040 ## - FUENTE DE CATALOGACIÓN |
| Agencia que crea de manera original el registro |
BPMSU |
| Idioma de catalogación |
spa |
| Agencia que realiza la transcripción |
BPMSU |
| 092 ## - LOCALLY ASSIGNED DEWEY DECIMAL CALL NUMBER |
| Número de clasificación |
XXXX |
| Número de ítem (Cutter) |
XXXX |
| 100 1# - ASIENTO PRINCIPAL -- NOMBRE PERSONAL |
| Nombre personal |
Olaizola, José Luis |
| Fechas asociadas con el nombre |
1927- |
| 245 10 - MENCIÓN DE TITULO |
| Título |
Bibiana y su mundo / |
| Mención de responsabilidad |
José Luis Olaizola ; ilustraciones Ángel Esteban ; colección dirigida por Marinella Terzi. |
| 250 ## - MENCIÓN DE EDICION |
| Mención de edición |
11a. ed. |
| 260 ## - PUBLICACIÓN, DISTRIBUCIÓN, ETC. (PIE DE IMPRENTA) |
| Lugar de publicación, distribución, etc |
Madrid : |
| Nombre del editor, distribuidor, etc. |
Ediciones SM, |
| Fecha de publicación, distribución, etc |
1993. |
| 300 ## - DESCRIPCIÓN FÍSICA |
| Extensión |
134 p. : |
| Otros detalles físicos |
il. ; |
| Dimensiones |
19 cm. |
| 490 1# - MENCIÓN DE SERIES |
| Mención de serie |
El barco de vapor |
| Volume/sequential designation |
22 |
| Enlace |
Serie Roja |
| 500 ## - NOTA GENERAL |
| Nota general |
Incluye datos biográficos del autor del autor en la contracubierta. |
| 521 1# - TARGET AUDIENCE NOTE |
| Target audience note |
A partir de 12 años. |
| 586 ## - AWARDS NOTE |
| Awards note |
Premio Barco de Vapor, 1982. |
| 650 ## - ENCABEZAMIENTO DE MATERIA--TEMÁTICO |
| Fuente del encabezamiento o término |
NOVELA INFANTIL ESPAÑOLA |
| 650 ## - ENCABEZAMIENTO DE MATERIA--TEMÁTICO |
| Fuente del encabezamiento o término |
LITERATURA INFANTIL ESPAÑOLA |
| 700 1# - ASIENTO SECUNDARIO -- NOMBRE PERSONAL |
| Nombre personal |
Terzi, Marinella |
| Mención de responsabilidad |
dir. colección |
| 700 1# - ASIENTO SECUNDARIO -- NOMBRE PERSONAL |
| Nombre personal |
Esteban, Ángel |
| Mención de responsabilidad |
ill. |
| 830 #0 - ASIENTO SECUNDARIO DE SERIE--TÍTULO UNIFORME |
| Título uniforme |
El barco de vapor |
| Volume number/sequential designation |
22 |
| Información miscelánea |
Serie Roja |
| 942 ## - ADDED ENTRY ELEMENTS (KOHA) |
| Source of classification or shelving scheme |
Dewey Decimal Classification |
| Koha item type |
Libros |
| 945 ## - INFORMACIÓN DE PROCESAMIENTO LOCAL |
| Información de procesamiento local |
Inventariado, 2018/ YL |
| 956 ## - LOCAL ELECTRONIC LOCATION AND ACCESS (OCLC) |
| Nombre de host |
YLOCKWARD |
| Número de acceso |
10 |
| Información de compresión |
BPMSU |